| 000 | 00000nam##2200000za#4500 |
| 001 | 9.644756 |
| 003 | CaOODSP |
| 005 | 20241118074540 |
| 007 | ta |
| 008 | 150407|1994||||xxc||||| f|0| 0 eng|d |
| 020 | |a0-929058-04-6|z0-660-15130-8 |
| 040 | |aCaOODSP|beng |
| 043 | |an-cn--- |
| 086 | 1 |aP60-4/8-1993E |
| 110 | 2 |aCanada Communication Group. |bPublishing. |
| 245 | 10|aCanadian war posters : |b1914-1918; 1939-1945 / |cby Marc H. Choko. |
| 260 | |aLaval - Quebec : |bCanada Communication Group. |c1994. |
| 300 | |a199p. : |bcoloured illus., illus. ; |c32 cm. |
| 500 | |aPublished by Éditions du Méridien in cooperation with Canada Communication Group -- Publishing. Contents: Introduction.--A long war in the trenches.--The blitzkrieg.--Enlist!--Against barbarism.--Give your gold.--The war effort.--The fifth column.--Production of Canadian war posters.--The artists: biographies.--Colour plates.--List of illustrations.--Bibliography. |
| 504 | |aBibliography. |
| 520 | 3 |aA graphic view of Canadian history during the First and Second World Wars. |
| 563 | |aSoftcover |
| 590 | |a94-21|b1994-05-27 |
| 690 | 07|aWar|2gcpds |
| 690 | 07|aMilitary history|2gcpds |
| 720 | 1 |aChoko, Marc H. |
| 775 | 08|tAffiches de guerre canadiennes : |w(CaOODSP)9.678565 |
| 776 | 0#|tCanadian war posters : |w(CaOODSP)9.699656 |